Earth in the balance : (Registro nro. 7985)

Detalles MARC
000 -LEADER
fixed length control field 00818nam a2200241Ia 4500
003 - CONTROL NUMBER IDENTIFIER
control field OSt
005 - DATE AND TIME OF LATEST TRANSACTION
control field 20210610134404.0
008 - FIXED-LENGTH DATA ELEMENTS--GENERAL INFORMATION
fixed length control field 210310s1993 eu ao gr 000 0 eng d
020 ## - INTERNATIONAL STANDARD BOOK NUMBER
International Standard Book Number 0452269350
040 ## - CATALOGING SOURCE
Original cataloging agency CO-JMCR
Transcribing agency CO-JMCR
041 0# - LANGUAGE CODE
Language code of text/sound track or separate title eng
082 04 - DEWEY DECIMAL CLASSIFICATION NUMBER
Classification number 363.7 /
Item number G666e
Edition number 23
100 1# - MAIN ENTRY--PERSONAL NAME
Personal name Gore, Albert,
9 (RLIN) 16003
Relator term autor
245 10 - TITLE STATEMENT
Title Earth in the balance :
Remainder of title ecology and the human spirit /
Statement of responsibility, etc. Al Gore
260 ## - PUBLICATION, DISTRIBUTION, ETC.
Place of publication, distribution, etc. New York :
Name of publisher, distributor, etc. Plume Book,
Date of publication, distribution, etc. 1984
300 ## - PHYSICAL DESCRIPTION
Extent xx, 407 páginas :
Other physical details ilustraciones y fotografías a blanco y negro ;
Dimensions 21 cm.
504 ## - BIBLIOGRAPHY, ETC. NOTE
Bibliography, etc. note Bibliografía: páginas [386]-393
505 0# - FORMATTED CONTENTS NOTE
Formatted contents note Balance at Risk -- The search for balance -- Striking the balance
650 14 - SUBJECT ADDED ENTRY--TOPICAL TERM
Topical term or geographic name entry element Ecología humana
9 (RLIN) 16005
650 24 - SUBJECT ADDED ENTRY--TOPICAL TERM
Topical term or geographic name entry element Protección del medio ambiente
9 (RLIN) 38324
650 24 - SUBJECT ADDED ENTRY--TOPICAL TERM
Topical term or geographic name entry element Ambiental
9 (RLIN) 38325
942 ## - ADDED ENTRY ELEMENTS (KOHA)
Source of classification or shelving scheme Dewey Decimal Classification
Koha item type Books
Existencias
Withdrawn status Lost status Source of classification or shelving scheme Damaged status Not for loan Collection code Home library Current library Date acquired Source of acquisition Full call number Barcode Date last seen Copy number Koha item type
    Dewey Decimal Classification     Non-fiction Biblioteca Pública José María del Castillo y Rada Biblioteca Pública José María del Castillo y Rada 04/15/2018 Donación 363.7 / G666e 430003634 05/16/2024 Ej.1 Books